[Event "DEM U10w 2024"]
[Site "Willingen GER"]
[Date "2024.05.20"]
[Round "3"]
[White "Xu, Dorothea Sicheng"]
[Black "Chen, Yuefan"]
[Result "0-1"]
[Termination "normal"]
[Board "3"]
[WhiteElo "1255"]
[BlackElo "1682"]
[WhiteClock "00:48:30"]
[BlackClock "00:42:35"]
[PlyCount "94"]
[WhiteFideId "34667539"]
[BlackFideId "34653910"]
[EventCountry "GER"]
[EventRounds "11"]
[EventType "swiss"]
[EventDate "2024.05.18"]

1. e4 {[%clk 01:15:58]} {[%emt 00:00:01]} c5 {[%clk 01:15:56]} {[%emt
00:00:05]} 2. Nf3 {[%clk 01:16:24]} {[%emt 00:00:04]} d6 {[%clk 01:16:20]}
{[%emt 00:00:06]} 3. Bb5+ {[%clk 01:16:46]} {[%emt 00:00:07]} Bd7 {[%clk
01:16:45]} {[%emt 00:00:06]} 4. Bxd7+ {[%clk 01:17:06]} {[%emt 00:00:10]} Qxd7
{[%clk 01:17:10]} {[%emt 00:00:05]} 5. O-O {[%clk 01:17:20]} {[%emt 00:00:16]}
Nf6 {[%clk 01:17:22]} {[%emt 00:00:17]} 6. Re1 {[%clk 01:16:55]} {[%emt
00:00:54]} Nc6 {[%clk 01:17:22]} {[%emt 00:00:31]} 7. c3 {[%clk 01:16:41]}
{[%emt 00:00:44]} e5 {[%clk 01:15:20]} {[%emt 00:02:33]} 8. d4 {[%clk
01:16:34]} {[%emt 00:00:36]} cxd4 {[%clk 01:14:34]} {[%emt 00:01:16]} 9. cxd4
{[%clk 01:16:43]} {[%emt 00:00:21]} Rc8 {[%clk 01:13:10]} {[%emt 00:01:54]} 10.
Nc3 {[%clk 01:14:03]} {[%emt 00:03:10]} Be7 {[%clk 01:12:12]} {[%emt 00:01:28]}
11. Bg5 {[%clk 01:09:34]} {[%emt 00:04:59]} exd4 {[%clk 01:07:27]} {[%emt
00:05:16]} 12. Nxd4 {[%clk 01:09:29]} {[%emt 00:00:34]} Nxd4 {[%clk 01:06:57]}
{[%emt 00:01:01]} 13. Qxd4 {[%clk 01:09:29]} {[%emt 00:00:29]} O-O {[%clk
00:55:45]} {[%emt 00:11:43]} 14. e5 {[%clk 01:06:12]} {[%emt 00:03:47]} Ne8
{[%clk 00:53:27]} {[%emt 00:02:48]} 15. Bxe7 {[%clk 01:05:54]} {[%emt
00:00:48]} Qxe7 {[%clk 00:52:30]} {[%emt 00:01:26]} 16. Rad1 {[%clk 01:01:49]}
{[%emt 00:04:34]} dxe5 {[%clk 00:49:12]} {[%emt 00:03:49]} 17. Rxe5 {[%clk
01:00:14]} {[%emt 00:02:05]} Qc7 {[%clk 00:45:26]} {[%emt 00:04:16]} 18. Nd5
{[%clk 00:59:33]} {[%emt 00:01:11]} Qc1 {[%clk 00:44:03]} {[%emt 00:01:53]} 19.
Ne7+ {[%clk 00:58:38]} {[%emt 00:01:25]} Kh8 {[%clk 00:44:20]} {[%emt
00:00:13]} 20. Nxc8 {[%clk 00:58:33]} {[%emt 00:00:35]} Qxc8 {[%clk 00:44:42]}
{[%emt 00:00:08]} 21. Qxa7 {[%clk 00:56:36]} {[%emt 00:02:27]} Qc2 {[%clk
00:44:51]} {[%emt 00:00:21]} 22. Qd4 {[%clk 00:55:13]} {[%emt 00:01:52]} Nf6
{[%clk 00:44:31]} {[%emt 00:00:52]} 23. Qd8 {[%clk 00:49:55]} {[%emt 00:05:47]}
Rxd8 {[%clk 00:44:33]} {[%emt 00:00:28]} 24. Rxd8+ {[%clk 00:50:08]} {[%emt
00:00:17]} Ng8 {[%clk 00:45:00]} {[%emt 00:00:04]} 25. f3 {[%clk 00:49:02]}
{[%emt 00:01:34]} h6 {[%clk 00:44:07]} {[%emt 00:01:24]} 26. Ree8 {[%clk
00:48:55]} {[%emt 00:00:37]} Qc1+ {[%clk 00:43:32]} {[%emt 00:01:06]} 27. Kf2
{[%clk 00:49:05]} {[%emt 00:00:18]} Qc2+ {[%clk 00:41:49]} {[%emt 00:02:14]}
28. Kf1 {[%clk 00:48:10]} {[%emt 00:01:24]} Qc4+ {[%clk 00:41:52]} {[%emt
00:00:28]} 29. Kf2 {[%clk 00:48:22]} {[%emt 00:00:18]} Qc2+ {[%clk 00:41:39]}
{[%emt 00:00:44]} 30. Kf1 {[%clk 00:48:45]} {[%emt 00:00:06]} Kh7 {[%clk
00:41:11]} {[%emt 00:00:58]} 31. Rxg8 {[%clk 00:48:45]} {[%emt 00:00:30]} Qb1+
{[%clk 00:41:33]} {[%emt 00:00:08]} 32. Kf2 {[%clk 00:48:28]} {[%emt 00:00:46]}
Qxb2+ {[%clk 00:41:28]} {[%emt 00:00:37]} 33. Kg3 {[%clk 00:48:42]} {[%emt
00:00:15]} Qc1 {[%clk 00:40:37]} {[%emt 00:01:21]} 34. Rh8+ {[%clk 00:48:41]}
{[%emt 00:00:30]} Kg6 {[%clk 00:40:54]} {[%emt 00:00:14]} 35. Rd6+ {[%clk
00:48:50]} {[%emt 00:00:21]} f6 {[%clk 00:40:57]} {[%emt 00:00:28]} 36. Rd5
{[%clk 00:47:34]} {[%emt 00:01:44]} Qe1+ {[%clk 00:40:31]} {[%emt 00:00:57]}
37. Kg4 {[%clk 00:47:15]} {[%emt 00:00:44]} Qe6+ {[%clk 00:40:41]} {[%emt
00:00:25]} 38. Rf5 {[%clk 00:47:23]} {[%emt 00:00:21]} Qxf5+ {[%clk 00:41:05]}
{[%emt 00:00:08]} 39. Kg3 {[%clk 00:47:42]} {[%emt 00:00:03]} Qg5+ {[%clk
00:41:17]} {[%emt 00:00:25]} 40. Kf2 {[%clk 00:48:01]} {[%emt 00:00:11]} Qd2+
{[%clk 00:41:33]} {[%emt 00:00:14]} 41. Kg3 {[%clk 00:48:21]} {[%emt 00:00:09]}
Qe1+ {[%clk 00:41:18]} {[%emt 00:00:46]} 42. Kg4 {[%clk 00:48:11]} {[%emt
00:00:40]} f5+ {[%clk 00:41:15]} {[%emt 00:00:34]} 43. Kf4 {[%clk 00:47:59]}
{[%emt 00:00:33]} Qh4+ {[%clk 00:41:32]} {[%emt 00:00:22]} 44. Ke3 {[%clk
00:47:57]} {[%emt 00:00:31]} Qe7+ {[%clk 00:41:36]} {[%emt 00:00:26]} 45. Kf4
{[%clk 00:48:14]} {[%emt 00:00:12]} Kf6 {[%clk 00:41:50]} {[%emt 00:00:17]} 46.
Kg3 {[%clk 00:48:14]} {[%emt 00:00:30]} Qe1+ {[%clk 00:42:11]} {[%emt
00:00:09]} 47. Kf4 {[%clk 00:48:30]} {[%emt 00:00:13]} g5# {[%clk 00:42:35]}
{[%emt 00:00:06]} 0-1

[Event "DEM U10w 2024"]
[Site "Willingen GER"]
[Date "2024.05.20"]
[Round "3"]
[White "Tiuca, Emma"]
[Black "Lukas, Olivia"]
[Result "0-1"]
[Termination "normal"]
[Board "4"]
[WhiteElo "1516"]
[BlackElo "1569"]
[WhiteClock "00:39:51"]
[BlackClock "00:42:38"]
[PlyCount "130"]
[WhiteFideId "4007549"]
[BlackFideId "34632239"]
[EventCountry "GER"]
[EventRounds "11"]
[EventType "swiss"]
[EventDate "2024.05.18"]

1. e4 {[%clk 01:15:57]} {[%emt 00:00:02]} e5 {[%clk 01:15:56]} {[%emt
00:00:04]} 2. Nf3 {[%clk 01:16:16]} {[%emt 00:00:11]} Nc6 {[%clk 01:16:22]}
{[%emt 00:00:04]} 3. Bb5 {[%clk 01:16:25]} {[%emt 00:00:20]} Nge7 {[%clk
01:16:38]} {[%emt 00:00:15]} 4. c3 {[%clk 01:16:25]} {[%emt 00:00:30]} g6
{[%clk 01:17:01]} {[%emt 00:00:07]} 5. O-O {[%clk 01:16:33]} {[%emt 00:00:22]}
a6 {[%clk 01:17:25]} {[%emt 00:00:07]} 6. Ba4 {[%clk 01:16:54]} {[%emt
00:00:08]} Bg7 {[%clk 01:17:48]} {[%emt 00:00:07]} 7. d4 {[%clk 01:16:41]}
{[%emt 00:00:42]} exd4 {[%clk 01:18:00]} {[%emt 00:00:19]} 8. cxd4 {[%clk
01:17:01]} {[%emt 00:00:10]} O-O {[%clk 01:18:20]} {[%emt 00:00:10]} 9. Nc3
{[%clk 01:17:20]} {[%emt 00:00:10]} d5 {[%clk 01:17:59]} {[%emt 00:00:51]} 10.
e5 {[%clk 01:16:31]} {[%emt 00:01:20]} Bg4 {[%clk 01:17:55]} {[%emt 00:00:34]}
11. h3 {[%clk 01:15:39]} {[%emt 00:01:22]} Bxf3 {[%clk 01:17:33]} {[%emt
00:00:53]} 12. Qxf3 {[%clk 01:15:47]} {[%emt 00:00:21]} Nxd4 {[%clk 01:17:00]}
{[%emt 00:01:04]} 13. Qe3 {[%clk 01:15:29]} {[%emt 00:00:42]} Ne6 {[%clk
01:16:02]} {[%emt 00:01:32]} 14. Rd1 {[%clk 01:15:12]} {[%emt 00:00:47]} c6
{[%clk 01:15:38]} {[%emt 00:00:56]} 15. Qe2 {[%clk 01:14:27]} {[%emt 00:01:13]}
Qc7 {[%clk 01:15:42]} {[%emt 00:00:27]} 16. Re1 {[%clk 01:13:41]} {[%emt
00:01:15]} Nc8 {[%clk 01:15:16]} {[%emt 00:00:57]} 17. f4 {[%clk 01:06:53]}
{[%emt 00:07:16]} Nb6 {[%clk 01:14:54]} {[%emt 00:00:54]} 18. Bb3 {[%clk
01:06:37]} {[%emt 00:00:46]} Nd4 {[%clk 01:14:50]} {[%emt 00:00:35]} 19. Qd1
{[%clk 01:05:09]} {[%emt 00:01:53]} Nxb3 {[%clk 01:12:27]} {[%emt 00:02:57]}
20. Qxb3 {[%clk 01:05:25]} {[%emt 00:00:13]} Rfe8 {[%clk 01:12:19]} {[%emt
00:00:39]} 21. Be3 {[%clk 01:03:08]} {[%emt 00:02:44]} Nc4 {[%clk 01:12:03]}
{[%emt 00:00:49]} 22. Bf2 {[%clk 01:02:59]} {[%emt 00:00:36]} Bh6 {[%clk
01:12:08]} {[%emt 00:00:27]} 23. Bg3 {[%clk 01:02:41]} {[%emt 00:00:45]} b5
{[%clk 01:12:07]} {[%emt 00:00:35]} 24. Qc2 {[%clk 01:02:33]} {[%emt 00:00:37]}
Rad8 {[%clk 01:11:32]} {[%emt 00:01:06]} 25. Rad1 {[%clk 01:00:53]} {[%emt
00:02:06]} Qa5 {[%clk 01:10:28]} {[%emt 00:01:39]} 26. Qf2 {[%clk 00:59:21]}
{[%emt 00:01:57]} Qc7 {[%clk 01:10:08]} {[%emt 00:00:54]} 27. b3 {[%clk
00:52:45]} {[%emt 00:07:06]} Nb6 {[%clk 01:10:22]} {[%emt 00:00:16]} 28. Ne2
{[%clk 00:52:39]} {[%emt 00:00:35]} c5 {[%clk 01:09:59]} {[%emt 00:00:54]} 29.
Nc3 {[%clk 00:51:40]} {[%emt 00:01:29]} Qc6 {[%clk 01:09:03]} {[%emt 00:01:27]}
30. Bh2 {[%clk 00:48:06]} {[%emt 00:03:54]} c4 {[%clk 01:08:53]} {[%emt
00:00:49]} 31. Qg3 {[%clk 00:45:12]} {[%emt 00:03:19]} b4 {[%clk 01:07:58]}
{[%emt 00:01:30]} 32. Ne2 {[%clk 00:43:40]} {[%emt 00:01:58]} c3 {[%clk
01:07:58]} {[%emt 00:00:34]} 33. Rc1 {[%clk 00:43:23]} {[%emt 00:00:45]} d4
{[%clk 01:07:56]} {[%emt 00:00:35]} 34. Red1 {[%clk 00:43:20]} {[%emt
00:00:29]} Qc5 {[%clk 01:06:26]} {[%emt 00:02:03]} 35. Kh1 {[%clk 00:43:33]}
{[%emt 00:00:15]} Rd5 {[%clk 01:03:32]} {[%emt 00:03:26]} 36. Qd3 {[%clk
00:43:01]} {[%emt 00:01:00]} a5 {[%clk 01:03:10]} {[%emt 00:00:55]} 37. Bg3
{[%clk 00:42:06]} {[%emt 00:01:22]} Red8 {[%clk 01:02:22]} {[%emt 00:01:20]}
38. Rc2 {[%clk 00:41:32]} {[%emt 00:01:02]} Nc8 {[%clk 01:01:44]} {[%emt
00:01:10]} 39. Bf2 {[%clk 00:41:10]} {[%emt 00:00:50]} Ne7 {[%clk 00:59:35]}
{[%emt 00:02:41]} 40. Qe4 {[%clk 00:38:42]} {[%emt 00:02:52]} Nf5 {[%clk
00:57:28]} {[%emt 00:02:43]} 41. e6 {[%clk 00:37:40]} {[%emt 00:01:31]} Ne3
{[%clk 00:48:12]} {[%emt 00:09:47]} 42. exf7+ {[%clk 00:37:22]} {[%emt
00:00:48]} Kxf7 {[%clk 00:48:20]} {[%emt 00:00:22]} 43. Bxe3 {[%clk 00:37:36]}
{[%emt 00:00:15]} dxe3 {[%clk 00:48:01]} {[%emt 00:00:50]} 44. Rxd5 {[%clk
00:37:11]} {[%emt 00:00:54]} Qxd5 {[%clk 00:44:43]} {[%emt 00:03:49]} 45. Qxd5+
{[%clk 00:35:47]} {[%emt 00:01:54]} Rxd5 {[%clk 00:44:40]} {[%emt 00:00:33]}
46. Kh2 {[%clk 00:36:06]} {[%emt 00:00:10]} Rd2 {[%clk 00:44:48]} {[%emt
00:00:23]} 47. Rc1 {[%clk 00:35:45]} {[%emt 00:00:51]} Rxe2 {[%clk 00:45:09]}
{[%emt 00:00:09]} 48. Kg3 {[%clk 00:36:09]} {[%emt 00:00:05]} Rb2 {[%clk
00:43:58]} {[%emt 00:01:43]} 49. Kf3 {[%clk 00:36:20]} {[%emt 00:00:17]} e2
{[%clk 00:44:04]} {[%emt 00:00:25]} 50. g3 {[%clk 00:36:34]} {[%emt 00:00:14]}
g5 {[%clk 00:44:19]} {[%emt 00:00:16]} 51. Ke3 {[%clk 00:36:17]} {[%emt
00:00:47]} gxf4+ {[%clk 00:43:53]} {[%emt 00:00:58]} 52. gxf4 {[%clk 00:36:37]}
{[%emt 00:00:09]} Ke6 {[%clk 00:42:23]} {[%emt 00:02:01]} 53. Ke4 {[%clk
00:36:54]} {[%emt 00:00:11]} Rxa2 {[%clk 00:42:08]} {[%emt 00:00:46]} 54. f5+
{[%clk 00:37:09]} {[%emt 00:00:15]} Kf6 {[%emt 00:00:28]} 55. Re1 {[%clk
00:37:18]} {[%emt 00:00:09]} c2 {[%clk 00:40:38]} {[%emt 00:02:14]} 56. Rxe2
{[%clk 00:37:11]} {[%emt 00:00:37]} c1=Q {[%clk 00:40:58]} {[%emt 00:00:11]}
57. Rxa2 {[%clk 00:37:31]} {[%emt 00:00:08]} Qb1+ {[%clk 00:41:23]} {[%emt
00:00:06]} 58. Kd4 {[%clk 00:37:51]} {[%emt 00:00:10]} Qxa2 {[%clk 00:41:46]}
{[%emt 00:00:07]} 59. Kc5 {[%clk 00:38:14]} {[%emt 00:00:07]} Qxb3 {[%clk
00:41:40]} {[%emt 00:00:36]} 60. Kb5 {[%clk 00:38:39]} {[%emt 00:00:05]} a4
{[%clk 00:41:48]} {[%emt 00:00:22]} 61. Ka5 {[%clk 00:38:52]} {[%emt 00:00:46]}
a3 {[%clk 00:42:00]} {[%emt 00:00:19]} 62. Kb5 {[%clk 00:39:05]} {[%emt
00:00:10]} a2 {[%clk 00:42:12]} {[%emt 00:00:25]} 63. Kc5 {[%clk 00:39:13]}
{[%emt 00:00:22]} a1=Q {[%clk 00:42:20]} {[%emt 00:00:47]} 64. Kc6 {[%clk
00:39:30]} {[%emt 00:00:11]} Qa5 {[%clk 00:42:20]} {[%emt 00:00:31]} 65. h4
{[%clk 00:39:51]} {[%emt 00:00:09]} Qbd5# {[%clk 00:42:38]} {[%emt 00:00:12]}
0-1

[Event "DEM U10w 2024"]
[Site "Willingen GER"]
[Date "2024.05.20"]
[Round "3"]
[White "Kühn, Nicole"]
[Black "Winkler, Anni"]
[Result "1-0"]
[Termination "normal"]
[Board "5"]
[WhiteElo "1477"]
[BlackElo "1426"]
[WhiteClock "00:16:51"]
[BlackClock "00:30:24"]
[PlyCount "35"]
[WhiteFideId "34610510"]
[BlackFideId "34622349"]
[EventCountry "GER"]
[EventRounds "11"]
[EventType "swiss"]
[EventDate "2024.05.18"]

1. e4 {[%clk 01:15:20]} {[%emt 00:00:38]} c5 {[%clk 01:14:54]} {[%emt
00:01:08]} 2. Nf3 {[%clk 01:14:22]} {[%emt 00:01:26]} Nc6 {[%clk 01:14:04]}
{[%emt 00:01:19]} 3. Bb5 {[%clk 01:13:21]} {[%emt 00:01:32]} d6 {[%clk
01:12:51]} {[%emt 00:01:43]} 4. O-O {[%clk 01:11:04]} {[%emt 00:02:48]} Bd7
{[%clk 01:10:57]} {[%emt 00:02:24]} 5. Re1 {[%clk 01:05:32]} {[%emt 00:06:02]}
a6 {[%clk 01:06:33]} {[%emt 00:04:54]} 6. Bf1 {[%clk 01:03:14]} {[%emt
00:02:48]} g6 {[%clk 01:02:50]} {[%emt 00:04:12]} 7. c3 {[%clk 00:59:42]}
{[%emt 00:04:02]} Bg4 {[%clk 01:02:38]} {[%emt 00:00:42]} 8. d4 {[%clk
00:53:20]} {[%emt 00:06:53]} cxd4 {[%clk 01:01:18]} {[%emt 00:01:51]} 9. Bc4
{[%clk 00:50:43]} {[%emt 00:03:07]} Bg7 {[%clk 00:55:14]} {[%emt 00:06:32]} 10.
Qb3 {[%clk 00:38:58]} {[%emt 00:12:16]} b5 {[%clk 00:41:54]} {[%emt 00:13:50]}
11. Bxf7+ {[%clk 00:33:12]} {[%emt 00:06:17]} Kf8 {[%clk 00:39:53]} {[%emt
00:02:29]} 12. Ng5 {[%clk 00:27:48]} {[%emt 00:05:55]} Nh6 {[%clk 00:38:06]}
{[%emt 00:02:15]} 13. h3 {[%clk 00:23:31]} {[%emt 00:04:49]} Bd7 {[%clk
00:37:20]} {[%emt 00:00:57]} 14. Be6 {[%clk 00:20:29]} {[%emt 00:03:50]} Bf6
{[%clk 00:35:08]} {[%emt 00:02:43]} 15. Bxd7 {[%clk 00:18:50]} {[%emt
00:02:09]} Qxd7 {[%clk 00:34:19]} {[%emt 00:01:19]} 16. Ne6+ {[%clk 00:18:30]}
{[%emt 00:00:50]} Ke8 {[%clk 00:33:32]} {[%emt 00:01:16]} 17. Bxh6 {[%clk
00:17:54]} {[%emt 00:01:07]} Na5 {[%clk 00:30:24]} {[%emt 00:03:37]} 18. Qd5
{[%clk 00:16:51]} {[%emt 00:01:34]} 1-0

[Event "DEM U10w 2024"]
[Site "Willingen GER"]
[Date "2024.05.20"]
[Round "3"]
[White "Hendler, Felicitas"]
[Black "Rhein, Linnea"]
[Result "1/2-1/2"]
[Termination "normal"]
[Board "6"]
[WhiteElo "1645"]
[BlackElo "1133"]
[WhiteClock "00:32:24"]
[BlackClock "00:37:25"]
[PlyCount "55"]
[WhiteFideId "34616519"]
[BlackFideId "34649018"]
[EventCountry "GER"]
[EventRounds "11"]
[EventType "swiss"]
[EventDate "2024.05.18"]

1. e4 {[%clk 01:15:53]} {[%emt 00:00:06]} e5 {[%clk 01:15:55]} {[%emt
00:00:06]} 2. f4 {[%clk 01:16:17]} {[%emt 00:00:06]} Bc5 {[%clk 01:16:11]}
{[%emt 00:00:14]} 3. Nf3 {[%clk 01:16:20]} {[%emt 00:00:27]} d6 {[%clk
01:16:20]} {[%emt 00:00:22]} 4. Nc3 {[%clk 01:16:07]} {[%emt 00:00:42]} Nf6
{[%clk 01:16:27]} {[%emt 00:00:23]} 5. Bc4 {[%clk 01:15:40]} {[%emt 00:00:56]}
Nc6 {[%clk 01:16:19]} {[%emt 00:00:40]} 6. d3 {[%clk 01:15:13]} {[%emt
00:00:55]} Bg4 {[%clk 01:16:25]} {[%emt 00:00:25]} 7. Na4 {[%clk 01:14:23]}
{[%emt 00:01:20]} Bb6 {[%clk 01:11:34]} {[%emt 00:05:21]} 8. Nxb6 {[%clk
01:13:25]} {[%emt 00:01:28]} axb6 {[%clk 01:11:33]} {[%emt 00:00:31]} 9. c3
{[%clk 01:10:52]} {[%emt 00:03:03]} O-O {[%clk 01:10:32]} {[%emt 00:01:32]} 10.
O-O {[%clk 01:11:01]} {[%emt 00:00:20]} Qd7 {[%clk 01:08:29]} {[%emt 00:02:27]}
11. f5 {[%clk 01:08:27]} {[%emt 00:03:10]} h6 {[%clk 01:07:05]} {[%emt
00:01:54]} 12. h3 {[%clk 01:07:22]} {[%emt 00:01:35]} Bxf3 {[%clk 01:07:02]}
{[%emt 00:00:34]} 13. Qxf3 {[%clk 01:07:29]} {[%emt 00:00:21]} Rfd8 {[%clk
01:05:35]} {[%emt 00:01:53]} 14. Qg3 {[%clk 01:00:40]} {[%emt 00:07:23]} Kf8
{[%clk 01:04:16]} {[%emt 00:01:48]} 15. Qf3 {[%clk 00:57:43]} {[%emt 00:03:28]}
d5 {[%clk 00:58:16]} {[%emt 00:06:31]} 16. exd5 {[%clk 00:57:04]} {[%emt
00:01:08]} Nxd5 {[%clk 00:58:20]} {[%emt 00:00:27]} 17. Bxd5 {[%clk 00:56:10]}
{[%emt 00:01:23]} Qxd5 {[%clk 00:58:10]} {[%emt 00:00:40]} 18. f6 {[%clk
00:53:07]} {[%emt 00:03:34]} Qxf3 {[%clk 00:56:57]} {[%emt 00:01:44]} 19. fxg7+
{[%clk 00:50:14]} {[%emt 00:03:22]} Kxg7 {[%clk 00:56:41]} {[%emt 00:00:46]}
20. Rxf3 {[%clk 00:50:27]} {[%emt 00:00:16]} Rd6 {[%clk 00:55:10]} {[%emt
00:02:01]} 21. Be3 {[%clk 00:47:56]} {[%emt 00:03:00]} Rad8 {[%clk 00:49:45]}
{[%emt 00:05:56]} 22. Raf1 {[%clk 00:45:13]} {[%emt 00:03:14]} f6 {[%clk
00:46:54]} {[%emt 00:03:21]} 23. d4 {[%clk 00:39:13]} {[%emt 00:06:30]} exd4
{[%clk 00:44:30]} {[%emt 00:02:54]} 24. Bxd4 {[%clk 00:39:06]} {[%emt
00:00:36]} Nxd4 {[%clk 00:44:33]} {[%emt 00:00:28]} 25. cxd4 {[%clk 00:39:19]}
{[%emt 00:00:16]} Rxd4 {[%clk 00:39:52]} {[%emt 00:05:11]} 26. Rxf6 {[%clk
00:38:27]} {[%emt 00:01:22]} R8d7 {[%clk 00:38:31]} {[%emt 00:01:53]} 27. R6f2
{[%clk 00:36:46]} {[%emt 00:02:09]} Rd2 {[%clk 00:37:25]} {[%emt 00:01:36]} 28.
Kh1 {[%clk 00:32:24]} {[%emt 00:04:53]} 1/2-1/2

[Event "DEM U10w 2024"]
[Site "Willingen GER"]
[Date "2024.05.20"]
[Round "3"]
[White "Preißler, Enie"]
[Black "Müller, Greta Waltraud"]
[Result "1/2-1/2"]
[Termination "normal"]
[Board "7"]
[WhiteElo "1019"]
[BlackElo "1224"]
[WhiteClock "00:41:19"]
[BlackClock "00:45:30"]
[PlyCount "47"]
[EventCountry "GER"]
[EventRounds "11"]
[EventType "swiss"]
[EventDate "2024.05.18"]

1. d4 {[%clk 01:15:58]} {[%emt 00:00:01]} d5 {[%clk 01:15:53]} {[%emt
00:00:08]} 2. Bf4 {[%clk 01:16:16]} {[%emt 00:00:11]} Nf6 {[%clk 01:15:58]}
{[%emt 00:00:26]} 3. e3 {[%clk 01:16:21]} {[%emt 00:00:24]} e6 {[%clk
01:16:02]} {[%emt 00:00:26]} 4. Bd3 {[%clk 01:16:04]} {[%emt 00:00:47]} Bd6
{[%clk 01:16:08]} {[%emt 00:00:24]} 5. Bg3 {[%clk 01:16:00]} {[%emt 00:00:34]}
O-O {[%clk 01:16:02]} {[%emt 00:00:36]} 6. c3 {[%clk 01:15:49]} {[%emt
00:00:41]} Nbd7 {[%clk 01:15:49]} {[%emt 00:00:41]} 7. Nf3 {[%clk 01:15:38]}
{[%emt 00:00:42]} b6 {[%clk 01:15:03]} {[%emt 00:01:18]} 8. Nbd2 {[%clk
01:14:26]} {[%emt 00:01:41]} Bb7 {[%clk 01:14:45]} {[%emt 00:00:47]} 9. Ne5
{[%clk 01:13:35]} {[%emt 00:01:22]} Re8 {[%clk 01:10:11]} {[%emt 00:05:04]} 10.
Ndf3 {[%clk 01:11:46]} {[%emt 00:02:19]} c5 {[%clk 01:07:21]} {[%emt 00:03:19]}
11. Rc1 {[%clk 01:10:23]} {[%emt 00:01:54]} Bc7 {[%clk 01:00:50]} {[%emt
00:06:33]} 12. O-O {[%clk 01:05:38]} {[%emt 00:05:43]} Nh5 {[%clk 00:58:52]}
{[%emt 00:02:26]} 13. Nxd7 {[%clk 01:02:38]} {[%emt 00:03:32]} Qxd7 {[%clk
00:58:11]} {[%emt 00:01:11]} 14. Ne5 {[%clk 01:02:02]} {[%emt 00:01:07]} Bxe5
{[%clk 00:57:19]} {[%emt 00:01:21]} 15. Bxe5 {[%emt 00:03:31]} g6 {[%clk
00:55:03]} {[%emt 00:00:22]} 16. Be2 {[%clk 00:58:19]} {[%emt 00:03:36]} f6
{[%clk 00:53:54]} {[%emt 00:01:38]} 17. Bg3 {[%clk 00:54:48]} {[%emt 00:04:02]}
Nxg3 {[%clk 00:52:01]} {[%emt 00:02:23]} 18. fxg3 {[%clk 00:51:35]} {[%emt
00:03:43]} f5 {[%clk 00:52:04]} {[%emt 00:00:27]} 19. Bd3 {[%clk 00:50:29]}
{[%emt 00:01:37]} c4 {[%clk 00:51:02]} {[%emt 00:01:32]} 20. Bc2 {[%clk
00:50:42]} {[%emt 00:00:17]} Qc6 {[%clk 00:50:28]} {[%emt 00:00:59]} 21. Re1
{[%clk 00:46:23]} {[%emt 00:04:53]} e5 {[%clk 00:50:20]} {[%emt 00:00:39]} 22.
Qf3 {[%clk 00:45:54]} {[%emt 00:00:58]} e4 {[%clk 00:49:19]} {[%emt 00:01:31]}
23. Qf4 {[%clk 00:44:24]} {[%emt 00:02:00]} Rad8 {[%clk 00:45:30]} {[%emt
00:03:52]} 24. Qg5 {[%clk 00:41:19]} {[%emt 00:04:02]} 1/2-1/2